Name that series - Statistics

General Stats
  • This quiz has been taken 45 times
  • The average score is 10 of 12
Answer Stats
Picture Answer % Correct
The Simpsons
100%
The big bang theory
93%
Breaking bad
90%
South park
88%
Family guy
83%
Game of thrones
83%
Greys anatomy
81%
House
76%
How I met your mother
74%
Rick and Morty
71%
Stranger things
71%
Full house
52%
No matching quizzes found
Score Distribution
Percent of People with Each Score
Percentile by Number Answered
Your Score History
You have not taken this quiz